000 00467nam a2200181Ia 4500
008 131103s9999 xx 000 0 und d
040 _aLoreto College
041 _aEnglish
082 _a294.54/DUN
_bLCLIB/16613
100 _aDunne, Desmond
245 _aYoga made easy
_cDesmond Dunne
260 _aBombay
_bA penter book
_c19831966
300 _a190p.
_c 20cm.
504 _aIncludes index
650 _aReligion
850 _aLCLIB/294.54/DUN
942 _cBK
999 _c23097
_d73576